000 00671nam a2200217Ia 4500
001 12440
003 GE_BSU
008 181216s||||||||xx |||||||||||||| ||und||
040 _cGE_BSU
080 _a631.5(075.8)+620.5(075.8)
100 _aКрасников,В.В.
245 _aПодъемно-транспортные машины в сельском хозяйстве
245 _cРед.Л.М.Рунова
260 _aМосква
260 _bКолос
260 _c1973
300 _a463стр.
300 _eТаблицы-93
653 _aПодъемно-транспортные машины в сельском хозяйстве
942 _cBK
999 _c45614
_d45614